[Event "Sachsen-Anhalt Landesliga A 18/19"]
[Site "Sachsen Anhalt"]
[Date "2019.04.07"]
[Round "9.6"]
[White "Kirstein, Roland"]
[Black "Schnapke, Alrik"]
[Result "1-0"]
[WhiteElo "1442"]
[BlackElo "1691"]
[PlyCount "115"]
[EventDate "2018.09.23"]
[EventType "team-tourn"]
[EventRounds "9"]
[EventCountry "GER"]
[SourceTitle "EXT 2022"]
[Source "ChessBase"]
[SourceDate "2021.10.06"]
[SourceVersion "1"]
[SourceVersionDate "2021.10.06"]
[SourceQuality "1"]
[WhiteTeam "Magdeburg Aufbau Elbe IV"]
[BlackTeam "Gardelegen"]
[WhiteTeamCountry "GER"]
[BlackTeamCountry "GER"]

1. Nf3 f5 2. b3 Nf6 3. e3 e6 4. Bb2 Be7 5. c4 0-0 6. Be2 d5 7. 0-0 c6 8. Qc2 Nbd7 9. d3 h6 10. Nd4 Nb8 11. f4 Qe8 12. Nd2 Qg6 13. N2f3 Ng4 14. Qd2 Bd6 15. h3 Nf6 16. Ne5 Bxe5 17. fxe5 Nh5 18. Bxh5 Qxh5 19. Qb4 Qe8 20. Rf3 Na6 21. Qd6 Qd7 22. Ba3 Qxd6 23. exd6 Rf7 24. c5 Bd7 25. Raf1 b6 26. b4 bxc5 27. bxc5 Rb8 28. g4 g6 29. gxf5 exf5 30. e4 dxe4 31. dxe4 Re8 32. exf5 gxf5 33. Nxf5 Bxf5 34. Rxf5 Rg7+ 35. Kh2 Nb8 36. R1f2 Nd7 37. Bb2 Rg6 38. Bd4 Rf8 39. Rxf8+ Nxf8 40. Re2 Re6 41. Rg2+ Kf7 42. Rg7+ Ke8 43. Rxa7 Nd7 44. a4 Re2+ 45. Kg3 Rc2 46. Ra8+ Kf7 47. a5 Rc4 48. Be3 Rc3 49. Kf2 Rc2+ 50. Ke1 Rc3 51. Kd2 Ra3 52. a6 Ne5 53. Ra7+ Ke6 54. Re7+ Kf6 55. Rxe5 Kxe5 56. d7 Ra2+ 57. Kc1 Ra1+ 58. Kc2 1-0